00707nam a2200169 i 450000100060000000300090000600500170001500700030003200800410003508000160007610000340009224502000012626000870032630000260041365000340043985200640047342298ES-MaACL20230906160602.0t|030313s1872 sp ||||1| spa d a929.71(469)1 aCastillo y Alba, Enrique del.14aLas órdenes militares portuguesas de San Benito de Avis, del Ala de San Miguel, de Santiago de la Espada y de Nuestro Señor Jesucristo b: estudio histórico / cEnrique del Castillo y Alba. aMadrid : b[s.n.], c1872 (fTip. del Colegio Nacional de Sordo-Mudos y de Ciegos) a45, [4] p. ; c17 cm. 4aOrdenes militares-zPortugal.4 aES-MaACLjT-149-F-3 z- Dedicatoria autógrafa del autor